000 00606nam a2200169Ia 4500
003 GCL
008 140319s9999 xx 000 0 ara d
040 _aGCL /
_cGCL
082 0 4 _a953.031
_bف ف
100 1 _aفايز نجيب اسكندر
245 1 0 _aالفتوحات الاسلامية الارمينية (11-40هـ - 661م) /
_cفايز نجيب اسكندر
260 _aالقاهرة :
_bدار نشر الثقافة بالاسكندرية ،
_c1983
300 _a150 ص ؛
_c24 سم
650 0 4 _aالفتوحات الاسلامية
650 0 4 _aارمينيا - تاريخ
942 _2ddc
_cBK
999 _c466
_d466